Aritmética (Registro nro. 4673)

Detalles MARC
000 -Cabecera
Campo de control de longitud fija 00661aam a2200289 4500
005 - Fecha y hora de la última transacción
Campo de control 20251114113554.0
008 - Elementos de longitud fija--Información general
Campo de control de longitud fija 150416b xxu||||| |||| 00| 0 spa d
020 ## - International Standard Book Number
Número Internacional Estándar del Libro (ISBN) 9789708170017
041 ## - Idioma
Código de idioma Español
082 ## - Clasificación Decimal Dewey
Número de clasificación 513 B178a2
100 ## - Entrada principal--Autor personal
Nombre personal Baldor, Aurelio
9 (RLIN) 15800
245 ## - Título propiamente dicho
Título Aritmética
250 ## - Edición
Mención de edición 2 edición
260 ## - Pie de imprenta
Lugar de publicación, distribución, etc. México
260 ## - Pie de imprenta
Nombre del editor, distribuidor, etc. Grupo Editorial Patria
260 ## - Pie de imprenta
Fecha de publicación, distribución, etc. 2007
300 ## - Descripción física
Extensión 639 páginas
490 ## - Serie
Título de la Serie Electrónica
650 ## - Materia general
Temática (materia general) ARITMÉTICA
650 ## - Materia general
Temática (materia general) TEOREMA
650 ## - Materia general
Temática (materia general) POSTULADOS
650 ## - Materia general
Temática (materia general) CIENCIA MATEMÁTICA
650 ## - Materia general
Temática (materia general) CONJUNTOS
650 ## - Materia general
Temática (materia general) NUMERACIÓN
942 ## - Punto de acceso adicional KOHA
Tipo de ítem KOHA Libro
Fuente del sistema de clasificación o colocación Dewey Decimal Classification
Existencias
Signatura completa Código de barras Programa Académico Tipo de ítem
513 B178a2 9149 Electrónica Libro